Ультразвуковой контроль сварных соединений

Λεπτομέρειες βιβλιογραφικής εγγραφής
Κύριος συγγραφέας: Щербинский В. Г. Виктор Григорьевич
Άλλοι συγγραφείς: Алешин Н. П. Николай Павлович
Γλώσσα:Ρωσικά
Έκδοση: Москва, Изд-во МГТУ, 2000
Έκδοση:3-е изд., перераб. и доп.
Θέματα:
Μορφή: Βιβλίο
KOHA link:https://koha.lib.tpu.ru/cgi-bin/koha/opac-detail.pl?biblionumber=26539

MARC

LEADER 00000nam0a2200000 4500
001 26539
005 20231101205732.0
010 |a 5703816688 
035 |a (RuTPU)RU\TPU\book\26783 
035 |a BOOK00026858 
090 |a 26539 
100 |a 20011209d2000 k y0rusy50 ca 
101 0 |a rus 
102 |a RU 
105 |a а z 000zy 
200 1 |a Ультразвуковой контроль сварных соединений  |f В. Г. Щербинский, Н. П. Алешин 
205 |a 3-е изд., перераб. и доп. 
210 |a Москва  |c Изд-во МГТУ  |d 2000 
215 |a 496 с.  |c ил. 
606 |a Сварные соединения и швы  |x Технический контроль  |x Неразрушающие методы  |2 stltpush  |3 (RuTPU)RU\TPU\subj\53993  |9 72156 
606 |a Ультразвуковой контроль  |2 stltpush  |3 (RuTPU)RU\TPU\subj\70930  |9 85075 
610 1 |a сварка 
610 1 |a контроль 
610 1 |a дефектоскопы 
610 1 |a дефектометрия 
610 1 |a конструкции строительные 
610 1 |a дефекты 
675 |a 621.791.05  |v 3 
675 |a 620.179.16  |v 3 
700 1 |a Щербинский  |b В. Г.  |g Виктор Григорьевич 
701 1 |a Алешин  |b Н. П.  |g Николай Павлович 
801 0 |a RU  |b 63413507  |c 20011209  |g PSBO 
801 2 |a RU  |b 63413507  |c 20170907  |g PSBO 
942 |c BK